书目信息 |
| 题名: |
世界富豪智慧
|
|
| 作者: | 朱兵 主编 | |
| 分册: | ||
| 出版信息: | 北京 中国发展出版社 1995.02 |
|
| 页数: | 362页 | |
| 开本: | 32开 | |
| 丛书名: | ||
| 单 册: | ||
| 中图分类: | F83 | |
| 科图分类: | ||
| 主题词: | 金融 , 银行 | |
| 电子资源: | ||
| ISBN: | 7-80087-188-6 | |
| 000 | 00545nam0 2200205 45 | |
| 001 | 0011012147 | |
| 005 | 20001101215626.2 | |
| 010 | @a7-80087-188-6@d9.60元 | |
| 100 | @a20001101d1995 km y0chiy0120 ea | |
| 101 | 0 | @achi |
| 105 | @a z 000yy | |
| 200 | 1 | @a世界富豪智慧@AShi Jie Fu Hao Zhi Hui@f朱兵 主编@FZhu Bing Zhu Bian |
| 210 | @a北京@c中国发展出版社@d1995.02 | |
| 215 | @a362页@d32开 | |
| 606 | 0 | @a金融 |
| 606 | 0 | @a银行 |
| 690 | @aF83@v3 | |
| 701 | 0 | @a朱兵@4主编 |
| 801 | @aCN@bPftUser@c20001101 | |
| 905 | @b196014@dF83@eZH.521@f1 | |
| 世界富豪智慧/朱兵 主编.-北京:中国发展出版社,1995.02 |
| 362页;32开 |
| ISBN 7-80087-188-6:9.60元 |
| ● |
| 相关链接 |
|
|
|
正题名:世界富豪智慧
索取号:F83/ZH.521
 
预约/预借
| 序号 | 登录号 | 条形码 | 馆藏地/架位号 | 状态 | 备注 |
| 1 | 196014 | 201960146 | 社科库409/409社科库 50排4列3层/ [索取号:F83/ZH.521] | 在馆 |